000 01923nam a2200445Ii 4500
001 DIGUEXTER0185
003 NyNyDIG
006 m o d
007 cr |||||||||||
008 220404s2015 ck ob 000 0 spa d
035 _a(OCoLC)1175589816
040 _aDGITA
_beng
_erda
_epn
_cDGITA
020 _z9789587723649
043 _as-ck---
050 1 4 _aKHH2923 ebook
100 1 _aLópez Cadena, Carlos Alberto,
_eauthor.
245 1 0 _aMutación de los derechos fundamentales por la interpretación de la Corte Constitucional Colombiana :
_bconcepto, justificación y límites /
_cCarlos Alberto López Cadena.
250 _aPrimera edición.
264 1 _aBogotá :
_bUniversidad Externado de Colombia,
_c[2015]
300 _a1 online resource.
336 _atext
_btxt
_2rdacontent
337 _acomputer
_bc
_2rdamedia
338 _aonline resource
_bcr
_2rdacarrier
347 _atext file
_2rdaft
347 _bPDF
500 _aBased on the author's thesis (Ph.D.)--Universidad Carlos III de Madrid, 2007.
504 _aIncludes bibliographical references.
588 0 _aOnline resource; title from PDF title page (Digitalia, viewed April 4, 2022)
610 1 0 _aColombia.
_bCorte Constitucional.
650 0 _aConstitutional law
_zColombia.
650 0 _aLaw
_xInterpretation and construction.
650 0 _aCivil rights
_zColombia.
655 0 _aElectronic books.
791 2 _aDigitalia (Firm),
_edistributor.
793 0 _gDigitalia eBook Collection:
_aUniversidad Externado de Colombia
776 0 8 _iPrint version:
_aLópez Cadena, Carlos Alberto.
_tMutación de los derechos fundamentales por la interpretación de la Corte Constitucional Colombiana.
_bPrimera edición.
_dBogotá : Universidad Externado de Colombia, [2015]
_z9789587723649
856 4 0 _3Digitalia Hispánica
_uhttps://www.digitaliapublishing.com/a/68659/
910 _aPremium collection: 2022
942 _cRAA
999 _c262579
_d262579